000
00280 a2200133 4500
001
195002
040
_c
Magnum
100
_a
Carrasco, Walcyr
240
1
0
_a
A corrente da vida
_l
por
245
1
0
_a
A corrente da vida
300
_a
58
697
_a
LITERATURA JUVENIL
942
_c
BK
999
_c
195002
_d
195002